Movies Quiz

Random Movies or Clickable Quiz

2019 Biopics/Historical Films by Description Quiz Stats

 Plays Quiz not verified by Sporcle

Score 0/15 Timer 04:00
0 Plays Today
% Correct
Rocketman
98.2%
Fighting With My Family
97.3%
Ford v. Ferrari
97.3%
Extremely Wicked, Shockingly Evil, and Vile
97.3%
Ride Like a Girl
94.5%
A Beautiful Day in the Neighborhood
93.6%
The Best of Enemies
92.7%
Midway
90%
% Correct
The Report
90%
The Irishman
90%
The Boy Who Harnessed the Wind
89.1%
The Aeronauts
89.1%
The Red Sea Diving Resort
85.5%
Fisherman's Friends
85.5%
Official Secrets
83.6%

You're not logged in!

Compare scores with friends on all Sporcle quizzes.
OR
Log In

You Might Also Like...

Show Comments

Extras

Top Quizzes Today


Score Distribution

Your Account Isn't Verified!

In order to create a playlist on Sporcle, you need to verify the email address you used during registration. Go to your Sporcle Settings to finish the process.

Report this User

Report this user for behavior that violates our Community Guidelines.

Details: